00342nam a2200145Ia 4500003000400000005001700004008004100021040000700062041000800069082001900077100001900096245003700115260003200152365001200184OSt20230511114827.0210423s1997 xx 000 0 und d cAL aeng a954 223bAHID aAHIR (D C),Ed. aDr. Ambedkar on the british raj. aDelhibBluemoon Booksc1997 b60cINR